Посмотри на меня: роман; пер. с англ.

Dades bibliogràfiques
Autor principal: Ахерн С. Сесилия
Sumari:«Посмотри на меня» — третий по счету супербестселлер блистательной Сесилии Ахерн, покорившей своими романами почти пятьдесят стран. Элизабет, молодой дизайнер, чье время расписано по минутам, раз и навсегда запретила себе мечтать. Обремененная заботами об отце, младшей сестре и ее ребенке, она несколько лет назад вынуждена была расстаться с любимым и знает по опыту, сколь опасны несбыточные надежды. Однако и в ее жизни вдруг начинают происходить чудеса. У нее в доме, как бы случайно, появляется таинственный незнакомец, красивый, обаятельный, бесшабашный, и Элизабет рядом с ним постепенно оттаивает. Но она ничего не знает о нем. Их любовь, возникшая на пересечении двух миров—реального и сверхъестественного, похожа на романтическую сказку. За юмор и смелость фантазии роман получил премию журнала «Cosmopolitan U.S.».
Idioma:rus
Publicat: Москва, Иностранка, 2008
Matèries:
Format: MixedMaterials Llibre
KOHA link:https://koha.lib.tpu.ru/cgi-bin/koha/opac-detail.pl?biblionumber=141105

MARC

LEADER 00000nam0a2200000 4500
001 141105
005 20231031142333.0
010 |a 9785389001213 
035 |a (RuTPU)RU\TPU\book\152937 
090 |a 141105 
100 |a 20080729d2008 m y0rusy50 ca 
101 1 |a rus  |c eng 
102 |a RU 
105 |a y z 000ay 
200 1 |a Посмотри на меня  |e роман  |e пер. с англ.  |f С. Ахерн 
210 |a Москва  |c Иностранка  |d 2008 
215 |a 432 с. 
330 |a «Посмотри на меня» — третий по счету супербестселлер блистательной Сесилии Ахерн, покорившей своими романами почти пятьдесят стран. Элизабет, молодой дизайнер, чье время расписано по минутам, раз и навсегда запретила себе мечтать. Обремененная заботами об отце, младшей сестре и ее ребенке, она несколько лет назад вынуждена была расстаться с любимым и знает по опыту, сколь опасны несбыточные надежды. Однако и в ее жизни вдруг начинают происходить чудеса. У нее в доме, как бы случайно, появляется таинственный незнакомец, красивый, обаятельный, бесшабашный, и Элизабет рядом с ним постепенно оттаивает. Но она ничего не знает о нем. Их любовь, возникшая на пересечении двух миров—реального и сверхъестественного, похожа на романтическую сказку. За юмор и смелость фантазии роман получил премию журнала «Cosmopolitan U.S.». 
610 1 |a английская литература 
610 1 |a ирландская литература 
610 1 |a романы 
610 1 |a любовь 
675 |a 82  |v 3 
700 1 |a Ахерн  |b С.  |g Сесилия 
801 1 |a RU  |b 63413507  |c 20080729  |g PSBO 
801 2 |a RU  |b 63413507  |c 20080731  |g PSBO 
942 |c BK